000 00849nam a2200181Ia 4500
008 100921s9999 xx 000 0 und d
082 _b35396
_a154 न 02
100 _aडबीर दीपा.
245 _aबुद्धमित्ता आणि सर्जनशीलता.
260 _bश्रीमंगेश प्रकाशन, नागपूर.
_c2002
300 _a109
_bरसिक साहित्य,पुणे
365 _b75
520 _aतत्वज्ञान-स्मरण-ग्रहणशिक्त.
630 _aबुद्धमित्ता आणि सर्जनशीलता.
650 _aतत्वज्ञान-स्मरण-ग्रहणशिक्त.
730 _aबुद्धमित्ता आणि सर्जनशीलता.
942 _cBOOK
999 _c784509
_d784506